Công nghệ ván khuôn trượt xây dựng nhà cao tầng
Guardado en:
| Autor principal: | |
|---|---|
| Formato: | Libro |
| Lenguaje: | Undetermined |
| Publicado: |
Hà Nội
Xây dựng
2009
|
| Materias: | |
| Etiquetas: |
Agregar Etiqueta
Sin Etiquetas, Sea el primero en etiquetar este registro!
|
| Thư viện lưu trữ: | Trung tâm Học liệu Trường Đại học Cần Thơ |
|---|
| LEADER | 00641nam a2200193Ia 4500 | ||
|---|---|---|---|
| 001 | CTU_169162 | ||
| 008 | 210402s9999 xx 000 0 und d | ||
| 020 | |c 20000 | ||
| 082 | |a 624.1834 | ||
| 082 | |b H513 | ||
| 100 | |a Bùi, Mạnh Hùng | ||
| 245 | 0 | |a Công nghệ ván khuôn trượt xây dựng nhà cao tầng | |
| 245 | 0 | |c Bùi Mạnh Hùng | |
| 260 | |a Hà Nội | ||
| 260 | |b Xây dựng | ||
| 260 | |c 2009 | ||
| 650 | |a Precast concrete,Concrete construction,Bê tông đúc sẵn,Công trình bê tông | ||
| 904 | |i Trọng Hiếu | ||
| 980 | |a Trung tâm Học liệu Trường Đại học Cần Thơ | ||